Movies Quiz

Random Movies or Actress Quiz

The Departed Movie Cast Quiz Stats

 Plays Quiz Updated Mar 8, 2019

Score 0/13 Timer 03:00
3 Plays Today
Character Name Actor / Actress % Correct
Billy CostiganLeonardo DiCaprio
94.6%
Colin SullivanMatt Damon
94.3%
Frank CostelloJack Nicholson
86.9%
Sergeant DignamMark Wahlberg
81.3%
Captain QueenanMartin Sheen
58.5%
Captain EllerbyAlec Baldwin
52.2%
MadolynVera Farmiga
17.7%
BrownAnthony Anderson
17%
Mr. FrenchRay Winstone
11.4%
Cousin SeanKevin Corrigan
4.5%
BarriganJames Badge Dale
3.1%
DelahuntMark Rolston
2.4%
FitzyDavid O'Hara
2.4%

You're not logged in!

Compare scores with friends on all Sporcle quizzes.
OR
Log In

Sporcle TV

Today on Sporcle TV


Watch our educational content, quiz creation guides, and fun videos on Sporcle TV.

Show Comments

Extras

Top Quizzes Today


Score Distribution

Your Account Isn't Verified!

In order to create a playlist on Sporcle, you need to verify the email address you used during registration. Go to your Sporcle Settings to finish the process.

Report this User

Report this user for behavior that violates our Community Guidelines.

Details: